000 00401nam a2200169Ia 4500
001 1261
003 IN-NITTTR
005 20251114232911.0
008 251113s9999||||xx |||||||||||||| ||eng||
040 _beng
040 _cIN-NITTTR
041 _aeng
082 _a658 M969C
100 _aMurty, Varanasy S.
245 0 _aCase problems in business management /
_cMurty, Varanasy S.
942 _2ddc
_cBK
999 _c1450
_d1450